Follow That Lyric ('80s Songs) Quiz Stats

Quiz Updated Jul 2, 2013

Also try: Fun With Lyrics
Challenge
Share
Tweet
Embed
Score 0/30 Timer 08:00
18 Plays Today
% Correct
'GHOSTBUSTERS!'
97%
'Another one bites the dust.'
96.4%
'I'll be watching you.'
95.8%
'Some of them want to get used by you.'
94.5%
'But the kid is not my son.'
93.8%
'Cause I'm not plannin' on goin' solo.'
93.2%
'Risin' up to the challenge of our rival.'
92.9%
'We've got each other, and that's a lot for love. We'll give it a shot.'
92.4%
'I've been waiting for this moment all my life, oh Lord.'
91.4%
'8-6-7-5-3-0-9.'
90.9%
'He took the midnight train goin' anywhere.'
90.8%
'You can call me Al.'
89.9%
'Should I stay or should I go?'
88.4%
'Where can I find a woman like that?'
88.2%
'Just like every night has its dawn.'
88%
% Correct
'I'm down on my knees, I wanna take you there.'
87.8%
'It's a nice day for a white wedding.'
86.9%
'Oh won't you please take me home.'
86%
'Run for your lives.'
84.3%
'And I feel fine.'
84.2%
'Everybody wants a new romance.'
80.4%
'In your eyes, I am complete.'
80%
'That's what I like about you.'
78.7%
'I'm going off the rails on a crazy train.'
78.2%
'So hurry up, and bring your jukebox money!'
77.1%
'Roll me in designer sheets, I'll never get enough.'
73.9%
'You've got to roll with the punches to get to what's real.'
72.7%
'Ooh in the name of love.'
72.4%
'Rock you like a hurricane.'
69.9%
'Got stars in his eyes.'
67.9%

You're not logged in!

Compare scores with friends on all Sporcle quizzes.
Sign Up with Email
OR
Log In

You Might Also Like...

Show Comments

Extras

Top Quizzes Today


Score Distribution

Your Account Isn't Verified!

In order to create a playlist on Sporcle, you need to verify the email address you used during registration. Go to your Sporcle Settings to finish the process.